000 00786nam a22002777a 4500
001 BR7502792
003 BR-BrBNA
005 20230928084754.0
007 ta
008 230509b bl.||||| |||| 00| 0 por d
040 _aBR-BrBNA
_bpor
_cBiblioteca Nacional de Agricultura
041 _a(Por)
072 _aE30
_b0430
_b/G514
090 _ 0430 BR7502792
110 1 _aSecretaria da Agricultura de Pernambuco, Recife (Brasil)
_98190
245 1 _aPre-projeto algodao [Gossypium spp., Pernambuco, Brasil]
260 3 _aRecife, PE (Brasil):
_c[nd].
300 _a17 p.
500 _aPublished after 1975
650 _aPLANEJAMENTO AGRICOLA
650 _aALGODAO
650 _aPROJETO AGRICOLA
650 _aPERNAMBUCO
909 _a202309
_bLucia
_c55
_dLucia Elande
942 _cBK
999 _c21008
_d21008